02378cam a2200301Ia 450000100190000000500170001900800410003602000250007702000220010203500320012403500260015603500210018204000550020304100120025809000230027010000300029324500780032326000370040130000340043850400510047250507300052352006320125365000410188565000360192694200080196295200910197099900150206199101690088970433620260310163236.0070602s2008 njua b 001 0 eng d a9780470087039 (hbk.) a047008703X (hbk.) a(CaACU)2657068-01ucalg_inst a(OCoLC)i9780470087039 a(OCoLC)154699414 aBTCTAcBTCTAdBAKERdYDXCPdBWXdZQPdMIAdUtOrBLW aEnglish aHD30.213 .P48 2008 aPiccoli, Gabriele.92687410aInformation systems for managers b: texts & cases c/ Gabriele Piccoli. aHoboken, NJ :bJ. Wiley,cc2008. axiv, 465 p. :bill. ;c25 cm. aIncludes bibliographical references and index. aPart I: Foundations — Information Systems and the Role of General and Functional Managers — Information Systems Defined — Organizational Information Systems and Their Impact — Part II: Competing in the Digital Age — Digital Disruption and the Competitive Environment — Digital Transformation, Innovation, and Entrepreneurship — Part III: The Strategic Use of Information Systems — Strategic Information Systems Planning — Value Creation and Strategic Information Systems — Digital Value Creation — Digital Value Capture — Part IV: Getting IT Done — Managing Information Systems — Creating Information Systems in the Digital Age — Information Systems Trends — Cybersecurity, Privacy, and Ethics aInformation Systems for Managers is a text for managerial/MBA students intended to actively engage them in discussions and activities around information systems and information technology. Piccoli has interwoven many real-world examples into the text that show students how IS will effect their futures in management positions. Each chapter starts off with a mini-case to get the student's attention, build excitement, and foster interactive discussions. A plethora of unique, full-length cases are also composed within the text to hold student's attention and show them how IS and IT are of great interest to them as managers. 0aManagement information systems91250 0aBusinessxData processing97722 2lcc 00102lcc4070aTBSbTBSd2026-03-10l0r2026-03-10t1w2026-03-10y1zSOON AVAILABLE c5413d5413